000
00305nam a22001097a 4500
008
230621b xxu||||| |||| 00| 0 eng d
082
_a
328.54
_b
PAN
245
_a
Rules of Procedure and Conduct of Business of the GOA, DAMAN and DIU Legislative Assembly
260
_c
1981
300
_a
96p
942
_2
ddc
_c
BK
999
_c
2210
_d
2210